[Event "ch-RUS Superfinal"]
[Site "Moscow RUS"]
[Date "2005.12.20"]
[Round "2"]
[White "Zvjaginsev, V."]
[Black "Khalifman, A."]
[Result "1-0"]
[WhiteElo "2659"]
[BlackElo "2653"]
[PlyCount "73"]
[EventDate "2005.12.19"]
[EventType "tourn"]
[EventRounds "11"]
[EventCountry "RUS"]
[EventCategory "17"]
[Source "Mark Crowther"]
[SourceDate "2005.12.26"]

1. e4 c5 2. Na3 Nc6 3. Bb5 Qc7 4. Nf3 g6 5. c3 a6 6. Bxc6 Qxc6 7. O-O Bg7 8. d4
d6 9. d5 Qc7 10. h3 Nf6 11. Bf4 O-O 12. Re1 b5 13. Qd2 Bb7 14. Rad1 Rfe8 15. c4
Qb6 16. Bh6 Bh8 17. b3 e6 18. Ng5 exd5 19. cxd5 Re7 20. Re3 Rae8 21. Rde1 a5
22. Nb1 b4 23. Qc2 Nd7 24. Nd2 Ba6 25. Ngf3 Ne5 26. Bg5 Nxf3+ 27. Nxf3 Rd7 28.
e5 dxe5 29. Nxe5 Rxd5 30. Nxf7 Rxe3 31. Rxe3 Kxf7 32. Re7+ Kf8 33. Qe4 Rd1+ 34.
Kh2 Qd6+ 35. f4 Bf6 36. Bh6+ Kg8 37. Qa8+ 1-0

[Event "World-Cup"]
[Site "Khanty Mansyisk"]
[Date "2005.12.15"]
[Round "71"]
[White "Carlsen, Magnus"]
[Black "Kamsky, Gata"]
[Result "1-0"]
[WhiteElo "2570"]
[BlackElo "2690"]
[PlyCount "95"]
[EventDate "2005.??.??"]
[EventRounds "7"]
[EventCountry "RUS"]

1. e4 c5 2. Nf3 e6 3. d4 cxd4 4. Nxd4 a6 {B43: Sizilianisch (Paulsen-Variante)}
5. Nc3 Qc7 6. Bd3 b5 7. O-O Bb7 8. Qe2 Ne7 $146 (8... Bc5 9. Nb3 Be7 10. Bd2
Nf6 11. f4 g6 12. Kh1 b4 13. Nd1 d5 14. exd5 Nxd5 15. c4 Nf6 16. c5 a5 17. Ne3
Nc6 18. a4 O-O 19. Rac1 Rad8 20. Bb5 Ne4 21. Be1 f5 22. Rc2 Bf6 23. Nc4 {
Moradiabadi,E-Berkes,F/0-1 (31)}) (8... Nf6 9. Kh1 Be7 10. f4 d6 11. Bd2 Nbd7
12. b4 O-O 13. a4 bxa4 14. Rxa4 Nb6 15. Raa1 g6 16. Bxa6 Rxa6 17. Rxa6 e5 18.
Nb3 Bxa6 19. Qxa6 exf4 20. Rxf4 Rc8 21. Qf1 Nbd7 22. b5 Bf8 23. Nd4 {
Short,N-Seirawan,Y/1-0 (75)}) (8... Be7 9. Bd2 Nc6 10. Nxc6 Qxc6 11. f3 b4 12.
Nd1 Nf6 13. Ne3 Qc7 14. c3 Bd6 15. g3 bxc3 16. Bxc3 Be5 17. Bxe5 Qxe5 18. Nc4
Qd4+ 19. Qf2 Qxf2+ 20. Rxf2 Ke7 21. Na5 Rhb8 22. Rc2 Ne8 23. Rac1 {
Timman,J-De Boer,S/1-0}) 9. Re1 Nbc6 10. Nxc6 Nxc6 11. Nd5 exd5 12. exd5+ Ne7
13. c4 b4 14. Bg5 f6 15. Qh5+ g6 16. Qf3 fxg5 17. Qf6 O-O-O 18. Qxh8 Qd6 (18...
Nf5 19. Qxh7 Bc5 20. Bxf5 gxf5 21. Qxf5 Rh8 $16) 19. Be4 $16 Kb8 20. Rac1 Qf4
21. g3 Qf7 22. Qd4 d6 23. Qb6 Rd7 24. Qxb4 Nf5 25. Bxf5 gxf5 26. Re6 f4 27.
Rce1 Rd8 28. Qb6 Rc8 29. b4 fxg3 (29... h5 30. R1e4 $16 (30. Rxd6 $6 Bxd6 31.
Qxd6+ Ka7 $11)) 30. hxg3 h5 31. b5 Qc7 32. Qxc7+ Kxc7 33. a4 (33. bxa6 Bxa6 34.
c5 Bb7 $18) 33... axb5 (33... Kb6 $5 34. Rf6 Kc5 $18) 34. axb5 $18 Kb6 35. Re8
(35. Rf6 $142 Rd8 36. Rf5 $18) 35... Bg7 $14 36. R8e6 Rd8 $4 (36... Bc3 $142
37. R1e4 Kc5 $11) 37. c5+ $1 $18 Kxc5 38. Re7 {Motiv: Doppelangriff} Bd4 (38...
Bc3 39. Rc7+ Kb6 40. Rxc3 Bxd5 41. Rd1 $18) 39. Rxb7 Rf8 40. Rc7+ Kxd5 41. Rd1
Rb8 42. Rg7 g4 43. Rg5+ Kc4 44. Rxh5 Bc5 45. Rg5 Rxb5 46. Rxg4+ Kc3 47. Kg2 Ba3
(47... Rb2 48. Rf4 $18) 48. Rgd4 (48. Rgd4 Bc5 49. R1d3+ Kc2 50. Rd5 $18) 1-0

[Event "World-Cup"]
[Site "Khanty Mansyisk "]
[Date "2005.12.04"]
[Round "3.2"]
[White "Tiviakov, S."]
[Black "Sakaev, K."]
[Result "0-1"]
[WhiteElo "2700"]
[BlackElo "2668"]
[PlyCount "106"]
[EventDate "2005.11.27"]
[EventType "k.o."]
[EventRounds "7"]
[EventCountry "RUS"]

1. e4 c5 2. c3 {B22: Sizilianisch (Alapin 2.c3)} Nf6 3. e5 Nd5 4. Bc4 Nb6 5.
Bb3 c4 6. Bc2 Nc6 7. Nf3 Qc7 8. Qe2 g5 9. h3 Bg7 {e5 muß gedeckt werden} 10.
O-O Nxe5 11. Nxg5 d5 12. a4 Bd7 13. a5 Nc8 14. Nf3 Ng6 15. d4 cxd3 16. Bxd3 (
16. Qxd3 e6 17. Re1 Nce7 18. a6 e5 19. axb7 Qxb7 20. Qa6 Qc7 21. Qa5 Qb7 {
1/2-1/2 Tiviakov,S-Radjabov,T/Warsaw POL 2005/The Week in Chess 555}) 16... e5
17. a6 Nce7 $146 (17... b6 18. c4 dxc4 19. Be4 Rb8 20. Nc3 Nce7 21. Nd5 Nxd5
22. Bxd5 Bc6 23. Qxc4 Rc8 24. Be3 Bxd5 25. Qxd5 O-O 26. Rfc1 Qe7 27. Qb7 Rxc1+
28. Rxc1 e4 29. Nd4 Bxd4 30. Bxd4 Rd8 31. Rc8 Rxc8 32. Qxc8+ {
Tiviakov,S-Gladyszev,O/Port Erin IOM 2005/The Week in Chess 569/1-0 (36)}) 18.
axb7 Qxb7 19. Ba6 Qc7 20. Na3 O-O 21. Nb5 Qc6 22. Be3 (22. Bg5 $5 Rfe8 23. Rfc1
$11) 22... Nf5 $15 23. Rfd1 (23. Bxa7 $2 Nf4 24. Qe1 e4 $19) 23... Nxe3 24.
fxe3 Qb6 25. Kh1 e4 26. Nh2 (26. Nfd4 $5 $15) 26... Ne7 $17 27. Nd4 Rab8 28.
Rd2 Kh8 29. Qf2 f5 30. g3 Ng6 31. Ne2 Be6 32. Nd4 Bd7 33. b4 Ne5 34. Rda2 Nc6
35. Ne2 (35. Be2 Rb7 $15) 35... Be6 (35... f4 $5 36. gxf4 Bxh3 $17) 36. Ra3 $15
Bg8 37. Nf1 Ne5 38. Nf4 Qh6 39. Be2 Ng6 40. Nh5 Be5 41. b5 Rbc8 {
Mit Angriff auf den rückständigen Bauern} 42. Rxa7 Rxc3 {Die Angriffsmarke e3}
43. R1a2 $2 (43. R7a6 Rc2 44. Qe1 d4 45. exd4 Bc4 $11 (45... Bxd4 $4 46. Qd1
Rd8 47. Qxc2 $18)) 43... Rb3 (43... d4 $5 44. exd4 Bd5 45. dxe5 e3+ 46. Qg2
Bxg2+ 47. Kxg2 Nxe5 48. R7a3 Rxa3 49. Rxa3 $19) 44. h4 (44. R7a6 $142 $15)
44... Rb1 45. R2a6 d4 46. exd4 Bd5 47. Qg2 (47. dxe5 $4 e3+ 48. Kh2 exf2 $19)
47... f4 (47... Bxd4 48. Rd7 f4 49. gxf4 (49. Rxd5 $4 f3 50. Qh2 Qc1 $19) 49...
Rxb5 50. f5 (50. Bxb5 $6 Qxh5 51. Rxg6 hxg6 $15) 50... Rxf5 51. Rd8+ Rf8 52.
Rad6 $18) 48. gxf4 (48. dxe5 $4 f3 49. Bxf3 Rxf3 $19) 48... Bxf4 49. Rd7 (49.
Nxf4 Rxf4 50. Kg1 Rxh4 51. Ra8+ Bxa8 52. Rxa8+ Kg7 53. Ra7+ Kf6 54. Qf2+ Qf4
55. Qxf4+ Nxf4 56. Kf2 Nxe2 57. Kxe2 $19) 49... Bc4 50. Nxf4 (50. Bxc4 {
Ablenkung von h5} Qxh5) 50... Bxe2 (50... Rxf4 $6 51. Rd8+ (51. Bxc4 Rxh4+ 52.
Kg1 Qe3+ 53. Qf2 Rg4+ 54. Kh1 Qh3+ 55. Qh2 Qf3+ 56. Qg2 Qxg2#) 51... Kg7 52.
Rd7+ Bf7 53. Kg1 Rxh4 54. Qg3 Rh1+ 55. Kg2 Rhxf1 56. Bxf1 Qd2+ 57. Kg1 Rxf1+
58. Kxf1 Qd1+ 59. Kg2 Qe2+ 60. Kh3 Qh5+ 61. Kg2 Qe2+ 62. Kh1 Qf1+ 63. Kh2 Qe2+
64. Kg1 Qd1+ 65. Kg2 Qe2+ $11) 51. Rxg6 (51. Nxg6+ hxg6 52. Qg5 Rbxf1+ 53. Kh2
R1f2+ 54. Kg1 Qxg5+ 55. hxg5 Bxb5 56. Raa7 Bxd7 57. Rxd7 Rd2 58. Rd6 Ra8 59.
Rf6 Raa2 60. Rf7 e3 61. Rf3 e2 62. Rh3+ Kg7 63. Re3 Ra1+ 64. Kf2 e1=Q+ 65. Kf3
Qf2+ 66. Kg4 Rg1+ 67. Rg3 Qxg3#) 51... Qxh4+ (51... Rxf1+ $6 52. Qxf1 Qxh4+ 53.
Qh3 Bf3+ 54. Kg1 Qe1+ 55. Kh2 Qh1+ 56. Kg3 Qe1+ 57. Kh2 Qh1+ 58. Kg3 Qe1+ 59.
Kh2 $11) 52. Qh3 (52. Nh3 Bxf1 53. Rxh7+ Qxh7 54. Rg3 Bxg2+ 55. Kxg2 Rb2+ 56.
Kg1 Qh6 57. Rg2 Qxh3 58. Rf2 Rg8+ 59. Rg2 Qxg2#) 52... Qxh3+ (52... Rxf1+ 53.
Kh2 Qxf4+ 54. Rg3 Rf2+ 55. Kh1 Bf3+ 56. Qg2 Bxg2+ 57. Rxg2 Qh4+ 58. Rh2 Qxh2#)
53. Nxh3 $19 hxg6 (53... hxg6 54. Rc7 Bxf1 $19) 0-1

[Event "Mannschafts-WM"]
[Site "Beer Sheva ISR"]
[Date "2005.11.09"]
[Round "8"]
[White "Avrukh, B."]
[Black "Ponomariov, R."]
[Result "0-1"]
[WhiteElo "2653"]
[BlackElo "2704"]
[PlyCount "66"]
[EventDate "2005.11.01"]
[EventType "team"]
[EventRounds "9"]
[EventCountry "ISR"]

1. d4 Nf6 2. c4 e6 3. g3 d5 4. Nf3 Bb4+ 5. Bd2 Be7 6. Bg2 O-O 7. O-O c6 8. Bf4
b6 9. Nc3 Ba6 10. cxd5 (10. b3 Nbd7 11. Qd3 Rc8 12. Rfd1 c5 13. Nb5 Bxb5 14.
cxb5 Nh5 {Topalov - Leko    0.5-0.5}) 10... cxd5 11. Ne5 Bb7 12. Rc1 (12. Qb3
Nc6 13. Nxc6 Bxc6 14. Rfc1 Qd7) 12... Nbd7 13. Nb5 Nxe5 14. dxe5 Nd7 15. h4 Rc8
16. Qd2 Rc5 17. Nd4 Qb8 18. Qe3 Rfc8 19. Bh3 Nf8 20. h5 h6 21. Rfd1 Ba6 22. b4
Rxc1 23. Rxc1 Bxb4 24. Nc6 Rxc6 25. Rxc6 Bc5 26. Qb3 $2 (26. Qd2) 26... Qb7 27.
Qa4 Bxe2 28. Be3 d4 29. Bg2 dxe3 30. Rxc5 Bf3 31. Bxf3 Qxf3 32. Rc8 Qxf2+ 33.
Kh1 e2 (33... e2 34. Rc1 e1=Q+ 35. Rxe1 Qxe1+ 36. Kg2 Qe2+ 37. Kg1 a5 38. Qd4
Qxa2 39. Qxb6 a4 40. Qb4 a3 41. Kf1 Qb2 42. Qa4 a2) 0-1

[Event "Mannschafts-WM"]
[Site "Beer Sheva ISR"]
[Date "2005.11.09"]
[Round "8"]
[White "Dominguez, L."]
[Black "Gulko, B."]
[Result "1-0"]
[WhiteElo "2635"]
[BlackElo "2577"]
[PlyCount "63"]
[EventDate "2005.11.01"]
[EventType "team"]
[EventRounds "9"]
[EventCountry "ISR"]

1. e4 c5 2. Nf3 d6 3. d4 cxd4 4. Nxd4 Nf6 5. Nc3 Nc6 6. Bg5 {
B63: Sizilianisch (Richter/Rauser-Angriff)} e6 7. Qd2 Be7 8. O-O-O O-O 9. f3 a6
10. h4 Nxd4 11. Qxd4 b5 12. Kb1 Qc7 13. Qd2 b4 $146 (13... Rd8 14. Bd3 Bb7 15.
Qe1 Rac8 16. g4 b4 17. Ne2 e5 18. Ng3 d5 19. Nf5 a5 20. h5 dxe4 21. fxe4 Nd5
22. Nxe7+ Nxe7 23. Bc1 b3 24. Rh2 a4 25. h6 Ba6 26. Qh1 Bxd3 27. cxd3 g6 28.
Bg5 {Inarkiev,E-Bakre,T 0-1}) 14. Ne2 a5 15. Nd4 Ba6 16. Bxa6 Rxa6 17. Qe2 Rb6
18. g4 Rc8 19. h5 h6 (19... d5 $5 $11) 20. Be3 $16 Nd7 21. Rhg1 (21. g5 Bxg5
22. Bxg5 hxg5 23. Qd2 $16) 21... Bf6 $2 (21... Qc4 22. Qh2 Bf6) 22. g5 $18 hxg5
23. Bxg5 Kh8 24. Bxf6 Nxf6 25. Rg5 a4 26. Qd2 Qe7 27. Rdg1 Rg8 28. Qg2 Ne8 $4 (
28... Qf8) 29. Rg6 $3 Qf8 (29... fxg6 30. hxg6) 30. Nxe6 $1 fxe6 31. h6 $1 Qf7
(31... gxh6 32. Rxg8+) 32. Rh1 (32. Rh1 Qxg6 33. Qxg6 Rf8 34. hxg7+ Kg8 35.
Rh8#) 1-0

[Event "Bayerische Meisterschaft"]
[Site "Bad Wiessee"]
[Date "2005.11.01"]
[Round "4"]
[White "Heinz, Axel"]
[Black "Khenkin, Igor"]
[Result "1-0"]
[WhiteElo "2363"]
[BlackElo "2603"]
[PlyCount "75"]
[EventDate "2005.??.??"]

1. e4 c5 2. Nf3 e6 3. d4 cxd4 4. Nxd4 Nf6 5. Nc3 Nc6 6. Nxc6 bxc6 7. e5 Nd5 8.
Ne4 Qc7 9. f4 Qb6 10. c4 Ne3 11. Qd3 Bb4+ 12. Bd2 O-O 13. Rc1 a5 14. Ke2 Bxd2
15. Qxd2 Nf5 16. g4 Nd4+ 17. Kd1 Rb8 18. b3 c5 19. Qd3 h6 20. g5 Bb7 21. gxh6
Bxe4 22. Qxe4 g6 23. h4 d5 24. Qg2 dxc4 25. Bxc4 Rfd8 26. Ke1 Qb4+ 27. Kf1 Nf5
28. Rh3 Rd4 29. h5 Rbd8 30. Be2 Qd2 31. Rcc3 Rxf4+ 32. Kg1 Qd4+ 33. Kh1 Rf2 34.
h7+ Kh8 35. Qg5 Qe4+ 36. Rcf3 Rd1+ 37. Bxd1 Qe1+ 38. Qg1 (38. Qg1 Qe4 39. Qxf2
Qd5 40. Bc2 Nd4 41. Qh4 Qxf3+ 42. Rxf3 Nxf3 43. Qf6+ Kxh7 44. Qxf7+ Kh8 45.
Qf8+ Kh7 46. hxg6#) 1-0

[Event "2nd Samba Cup"]
[Site "Skanderborg DEN"]
[Date "2005.10.18"]
[Round "5"]
[White "Ivanchuk, V."]
[Black "Bruzon, L."]
[Result "0-1"]
[WhiteElo "2748"]
[BlackElo "2677"]
[PlyCount "72"]
[EventDate "2005.10.14"]
[EventType "tourn"]
[EventRounds "9"]
[EventCountry "DEN"]
[EventCategory "16"]
[Source "Mark Crowther"]
[SourceDate "2005.10.24"]

1. e4 e5 2. Nf3 Nc6 3. Bb5 a6 4. Ba4 Nf6 5. O-O Be7 6. Re1 b5 7. Bb3 d6 8. c3
O-O 9. h3 Na5 10. Bc2 c5 11. d4 Qc7 12. Nbd2 cxd4 13. cxd4 Nc6 14. Nb3 a5 15.
Be3 a4 16. Nbd2 Bd7 17. Rc1 Qb7 18. Nf1 Rfc8 19. Ng3 Bd8 20. Bb1 h6 21. Qe2 Bb6
22. dxe5 Bxe3 23. Rxc6 Qxc6 24. exf6 Bf4 25. Nh5 Be5 26. fxg7 Ra6 27. Nh4 Qc1
28. Nf5 Bxf5 29. exf5 Qxe1+ 30. Qxe1 Rac6 31. Qf1 Rc1 32. Bd3 b4 33. Bb5 b3 34.
axb3 axb3 35. Ba4 Rxf1+ 36. Kxf1 Rb8 0-1

[Event "TCh-POL Ekstraliga"]
[Site "Lubniewice POL"]
[Date "2005.09.11"]
[Round "9"]
[White "Krasenkow, M."]
[Black "Fedorchuk, S."]
[Result "0-1"]
[WhiteElo "2663"]
[BlackElo "2571"]
[PlyCount "60"]
[EventDate "2005.09.03"]
[EventType "team"]
[EventRounds "9"]
[EventCountry "POL"]
[Source "Mark Crowther"]
[SourceDate "2005.09.19"]

1. Nf3 Nf6 2. c4 b6 3. Nc3 Bb7 4. g3 e6 5. Bg2 Be7 6. O-O O-O 7. Re1 Ne4 8. Qc2
Nxc3 9. dxc3 f5 10. Nd4 Bxg2 11. Kxg2 Qc8 12. e4 Qb7 13. f4 Na6 14. Nf3 Rae8
15. b4 c5 16. b5 Nc7 17. Ne5 Rd8 18. Kg1 Ne8 19. exf5 exf5 20. Qg2 Nd6 21. Rd1
Ne4 22. g4 fxg4 23. Qxg4 Bd6 24. Re1 Rf6 25. f5 Bxe5 26. Rxe4 Bxc3 27. Rb1 d5
28. cxd5 Qxd5 29. Bg5 Bd4+ 30. Kh1 Re8 0-1

[Event "SMM Reichenstein-Basel"]
[Site "?"]
[Date "2005.09.03"]
[Round "6.2"]
[White "Volke, Karsten"]
[Black "Maier, Christian"]
[Result "1-0"]
[WhiteElo "2487"]
[BlackElo "2404"]
[Annotator "Shredder 9 (50s)"]
[PlyCount "75"]
[EventDate "2005.09.05"]

1. Nf3 Nf6 2. c4 g6 3. Nc3 Bg7 4. e4 d6 5. d4 O-O 6. Be2 e5 7. O-O Nc6 8. d5
Ne7 {E97: Königsindisch (Klassisches System)} 9. b4 Ne8 10. c5 Kh8 (10... f5
11. Ng5 Nf6 12. f3 Kh8 13. Be3 Bh6 14. Nf7+ Rxf7 15. Bxh6 f4 16. Rc1 Neg8 17.
Bg5 Rg7 18. g4 h5 19. h3 Rh7 20. Kg2 Bd7 21. Rh1 Rc8 22. Qg1 Ra8 23. a4 Qf8 24.
a5 Nh6 25. Bh4 {Bacrot,E-Radjabov,T/Tripoli LBA 2004/1/2-1/2}) 11. Ba3 $146 (
11. a4 f5 12. Ng5 h6 13. Ne6 Bxe6 14. dxe6 fxe4 15. cxd6 Nxd6 16. b5 Qc8 17.
Nd5 Re8 18. Bg4 Ndf5 19. Ba3 Nxd5 20. Qxd5 c6 21. Qxe4 Qxe6 22. bxc6 Qxc6 23.
Bxf5 gxf5 24. Qxf5 Qxa4 25. Qf7 b6 {
Gligoric,S-Evans,L/Amsterdam 1971/1/2-1/2 (57)}) 11... Ng8 12. Nd2 f5 13. Nc4
Nh6 14. b5 b6 15. cxd6 cxd6 16. Bb4 f4 (16... fxe4 $5 17. Nxe4 Nf5 $14) 17. a4
Rb8 18. a5 Rg8 (18... Rf7 19. f3 $16) 19. axb6 $18 axb6 20. Ra7 Bf8 21. Qa1 g5
(21... Nc7 22. Rc1 Rg7 23. Kh1 $18) 22. Na4 (22. Qa3 Rb7 $18) 22... Nf6 {
Jetzt hängt g4 in der Luft} 23. Naxb6 g4 $2 (23... Bb7 24. Bd3 $18) 24. Ra8 (
24. Nxc8 $142 Rxc8 25. Qa6 $18) 24... Bb7 25. Rxb8 Qxb8 26. Bd3 Nf7 27. Na5 Ng5
28. Nbc4 (28. Nxb7 $143 Qxb7 29. Nc4 Ngxe4 30. Bxe4 Nxe4 31. Nxd6 Nxd6 32.
Qxe5+ Bg7 33. Qxd6 Qxb5 $18) 28... Nxd5 $4 (28... Ngxe4 $142 29. Bxe4 Nxe4 30.
Nxb7 Qxb7 31. Nxd6 Nxd6 32. Qxe5+ Bg7 33. Qxd6 Qxb5 $16) 29. Bxd6 $3 (29. exd5
$143 Bxd5 30. Rb1 g3 31. hxg3 fxg3 $18) 29... Bxd6 (29... Qxd6 30. Nxd6) 30.
Nxd6 (30. Nxb7 $5 Bc7 31. exd5 Qxb7 $18) 30... Qxd6 31. Nxb7 (31. exd5 Bxd5 32.
Rd1 Bxg2 33. Kxg2 Qd5+ 34. Kf1 g3 35. hxg3 fxg3 $19) 31... Qf6 (31... Qe7 32.
exd5 f3 $18) 32. exd5 Nf3+ (32... f3 33. g3 $18) 33. gxf3 gxf3+ (33... Qg7 34.
Kh1 Qxb7 35. Qxe5+ Qg7 36. Qxf4 gxf3 37. Qxf3 Qg5 $18) 34. Kh1 Rg2 35. Qa8+ Rg8
36. Qxg8+ $1 Kxg8 37. d6 Qf7 38. Bc4 $1 (38. Bc4 Qxc4 39. Rg1+ Kf7 40. d7 Qxb5
41. d8=Q Qxb7 42. Qd6 $18) 1-0

[Event "49th TCh-ESP Honor 2"]
[Site "Sant Lluis "]
[Date "2005.09.02"]
[Round "3"]
[White "Vallejo Pons, F."]
[Black "Sasikiran, K."]
[Result "0-1"]
[WhiteElo "2681"]
[BlackElo "2652"]
[PlyCount "84"]
[EventDate "2005.08.31"]
[EventType "team"]
[EventRounds "5"]
[EventCountry "ESP"]

1. d4 d5 2. Nf3 Nf6 3. c4 c6 $146 4. e3 e6 5. Bd3 dxc4 {
D27: Angenommenes Damengambit} 6. Bxc4 a6 7. O-O c5 8. Bb3 b5 9. a4 b4 10. Nbd2
Bb7 11. e4 (11. a5 Be7 12. Ba4+ Nfd7 13. Nc4 O-O 14. Qd3 Bxf3 15. gxf3 cxd4 16.
Qxd4 Qc7 17. Rd1 Bf6 18. Qe4 Ra7 19. Bc2 g6 20. Bd2 b3 21. Bxb3 Nc5 22. Qc2 Qb7
23. Nd6 Qxb3 24. Qxc5 Rd7 25. Bc3 Be7 {
Ljubojevic,L-Timman,J/Elista 1998/1-0 (61)}) 11... Be7 (11... Nxe4 $143 12.
Nxe4 Bxe4 13. Re1 $16) 12. e5 Nfd7 13. Nc4 O-O 14. Bc2 cxd4 15. Qxd4 (15. Bf4
Nc6 16. Nxd4 Qc7 17. Rc1 Nxd4 18. Qxd4 Qc6 19. Ne3 Bc5 20. Qd3 g6 21. Bb3 Rfc8
22. Rfd1 Rc7 23. Kh1 Nf8 24. f3 Rd7 25. Qe2 Rxd1+ 26. Qxd1 h5 27. Nc4 Be7 28.
Nd6 Qd7 29. a5 Rb8 {Pelletier,Y-Socko,B/Merida ESP 2005/1-0 (46)}) 15... Bd5
16. Ne3 (16. b3 $142 $14) 16... Bxf3 $17 17. gxf3 Nc5 18. Qg4 Nc6 (18... b3 19.
Bb1 Nc6 20. Nc4 $15) 19. f4 (19. Nc4 $142 $5 Qd4 20. Be3 Qxg4+ 21. fxg4 $11)
19... f5 $17 20. exf6 Rxf6 (20... Bxf6 $2 21. Qh5 h6 22. Qxc5 $18) 21. Rd1 Qc7
22. Qg2 b3 (22... Rxf4 $143 23. Nd5 exd5 24. Bxf4 Qxf4 25. Qxd5+ Kh8 26. Qxc6
$16) 23. Bb1 Raf8 (23... Rff8 24. f5 Rad8 25. Rxd8 Bxd8 26. fxe6 Nd4 $19 (26...
Nxe6 $143 27. Nd5 Qd6 28. Be4 $15)) 24. Ng4 $11 Rxf4 25. Qh3 (25. Bxf4 Qxf4 26.
Qh3 g6 27. Qg3 Nd4 28. Qxf4 Rxf4 29. h3 Nc2 30. Bxc2 bxc2 31. Rf1 Nb3 32. Rac1
Nxc1 33. Rxc1 h5 34. Ne3 Rxa4 35. Rxc2 Ra1+ 36. Kg2 $17) 25... g6 (25... Rxa4
$4 26. Qxh7+ Kf7 27. Bg6#) 26. Bxf4 (26. Qg3 $5 Bd6 27. Bxf4 Bxf4 28. Qh3 $19)
26... Qxf4 $19 27. Qg3 Nd4 (27... Nxa4 $6 28. Nh6+ Kh8 29. Nf5 Qxg3+ 30. hxg3
Nxb2 31. Rc1 exf5 32. Rxc6 $15) 28. Qxf4 Rxf4 29. Ne3 Bf6 30. Kg2 Nf3 31. Bd3
Bxb2 (31... Nxd3 32. Rxd3 Bxb2 33. Rad1 Nh4+ 34. Kf1 $14) 32. Rab1 Bd4 (32...
Nxd3 33. Rxd3 Be5 34. Rd8+ (34. Rdxb3 $2 Nd2 $19) 34... Kg7 35. Rxb3 Nh4+ 36.
Kf1 Rxa4 37. h3 $14) 33. Bxa6 (33. a5 Kg7 $19 (33... Nxd3 $6 34. Rxd3 b2 35.
Nc4 Nh4+ 36. Kg3 $17)) 33... Nxa6 34. Rxb3 Nc5 35. Ra3 (35. Rb4 $19) 35... Nh4+
36. Kh3 g5 (36... Bb2 $142 37. Rad3 g5 $19) 37. a5 (37. Ng2 Nxg2 38. Kxg2 Rxf2+
39. Kh1 $19) 37... Ne4 38. Ng4 h5 39. Nh6+ Kg7 40. Rxd4 Nxf2+ 41. Kg3 Nh1+ 42.
Kh3 Rxd4 (42... Rxd4 43. Re3 Kxh6 44. Rxe6+ Kg7 45. Re7+ Kf6 46. Re3 Rd2 47.
Rc3 g4+ 48. Kxh4 Rxh2+ 49. Rh3 Rxh3#) 0-1

[Event "American Continental"]
[Site "Buenos Aires ARG"]
[Date "2005.08.09"]
[Round "4"]
[White "Vescovi, G."]
[Black "Granda Zuniga, J."]
[Result "0-1"]
[WhiteElo "2640"]
[BlackElo "2601"]
[PlyCount "58"]
[EventDate "2005.08.06"]
[EventType "swiss"]
[EventRounds "11"]
[EventCountry "ARG"]

1. e4 e5 2. Nf3 Nc6 3. Bb5 Nf6 4. O-O Nxe4 {
C67: Spanische Partie (Rio-de-Janeiro-Variante)} 5. d4 Nd6 6. Bxc6 dxc6 7. dxe5
Nf5 8. Qxd8+ Kxd8 9. Nc3 Ne7 10. Bf4 $146 (10. Nd4 Ng6 11. f4 Bc5 12. Be3 Bb6
13. Rae1 Nh4 14. e6 fxe6 15. Nxe6+ Bxe6 16. Bxb6 axb6 17. Rxe6 Kd7 18. Rfe1
Rae8 19. Rxe8 Rxe8 20. Rxe8 Kxe8 21. Kf2 Nf5 22. Ne4 c5 23. g4 Nh6 24. Kf3 Nf7
{Shirov,A-Almasi,Z/Tilburg 1996/1-0 (36)}) (10. h3 Ng6 (10... h6 11. Be3 Ng6
12. Rad1+ Ke8 13. a3 Be7 14. Rfe1 h5 15. Nd4 h4 16. f4 Rh5 17. Ne4 Bd7 18. c4
b6 19. b4 Nf8 20. f5 c5 21. f6 gxf6 22. exf6 cxd4 23. fxe7 Nh7 24. Bxd4 Rh6 25.
Nc3 {Motylev,A-Harikrishna,P/Tiayuan CHN 2005/1-0 (37)}) 11. Bg5+ (11. Re1 Bb4
12. Bd2 Bxc3 13. Bxc3 c5 14. e6 f6 15. b4 cxb4 16. Rad1+ Ke8 17. Bxb4 b6 18.
Nd4 c5 19. Nb5 Ke7 20. Nc7 Rb8 21. Nd5+ Ke8 22. Bc3 Rb7 23. Re3 Ne7 24. Nf4 Nf5
25. Re2 b5 {Milos,G-Polgar,S/Sao Paulo 19961-0 (49)}) 11... Ke8 12. Rad1 Bd7
13. Rd2 Be6 14. Rfd1 Be7 15. Be3 a6 16. Ne2 Rd8 17. Rxd8+ Bxd8 18. b3 Be7 19.
c4 h5 20. Nfd4 Bc8 21. f4 h4 22. Nc3 Rh5 23. Ne4 c5 24. Ne2 b6 {
Polgar,J-Topalov,V/Sofia BUL 2005/1/2-1/2 (60)}) 10... Ng6 11. Bg3 Bb4 12. Ne4
Ke7 13. Nd4 (13. c3 Ba5 $16) 13... c5 (13... Rd8 14. c3 Ba5 15. f4 $11) 14. Nb3
(14. Nb5 $5 Bf5 15. f3 Bxe4 16. fxe4 $14) 14... c4 $14 15. Nd4 Ba5 16. c3 Bb6
17. Rad1 Rd8 18. Rfe1 Kf8 19. Rd2 (19. e6 Bxe6 20. Nxe6+ fxe6 $11) 19... h6 (
19... Rd5 20. Nf3 Rd3 21. Rde2 $15) 20. Red1 (20. e6 $5 $14) 20... Rd5 21. b3 (
21. Nf3 $142 $5 Rxd2 22. Nexd2 $15 (22. Rxd2 $143 Bf5 23. Re2 Rd8 $17)) 21...
Nxe5 22. h3 f5 23. Ne2 Rd3 24. Bxe5 fxe4 25. Nf4 (25. bxc4 $5 Bxf2+ $1 26. Kf1
Rxd2 27. Rxd2 $17) 25... Bxf2+ $1 $19 26. Kh1 $2 (26. Rxf2 {Eine Ablenkung}
Rxd1+) 26... Be3 (26... Rxd2 $142 $5 27. Rxd2 e3 28. Rd8+ Kf7 29. bxc4 $19) 27.
Nxd3 Bxd2 (27... cxd3 28. Rf1+ Kg8 29. Rdd1 $19) (27... exd3 $6 28. Rb2 $15)
28. bxc4 $2 (28. Rxd2 cxd3 29. Bxc7 $19) 28... e3 (28... exd3 $6 29. Rxd2 Bf5
30. Rf2 $17) 29. Bf4 Kg8 (29... Kg8 30. Ne1 Bf5 $19) 0-1

[Event "Europa-Team-Champ."]
[Site "Gothenburg SWE"]
[Date "2005.08.06"]
[Round "8"]
[White "Aronian, L."]
[Black "Palac, M."]
[Result "0-1"]
[WhiteElo "2724"]
[BlackElo "2566"]
[PlyCount "54"]
[EventDate "2005.07.30"]
[EventType "team"]
[EventRounds "9"]
[EventCountry "SWE"]

1. d4 Nf6 2. c4 e6 3. Nc3 Bb4 4. Qc2 d5 5. a3 Bxc3+ 6. Qxc3 Ne4 7. Qc2 c5 8.
dxc5 Nc6 9. Nf3 Qa5+ 10. Nd2 Nd4 11. Qd1 Bd7 12. b4 Qa4 13. Nxe4 Nc2+ 14. Kd2
Nxa1 15. Nd6+ Ke7 16. Bb2 Nb3+ 17. Ke1 a5 18. e4 axb4 19. Qh5 Nxc5 20. Be5 f6
21. Qf7+ Kd8 22. Qxg7 fxe5 23. Qxh8+ Ke7 24. Nf5+ exf5 25. Qxe5+ Kd8 26. Qf6+
Kc7 27. e5 Ne4 (27... Ne4 28. Qh6 Qc2 29. Qe3 Rxa3 30. Qe2 Ra1+ 31. Qd1 Rxd1#)
0-1

[Event "Europa-Team-Champ."]
[Site "?"]
[Date "2005.08.06"]
[Round "8"]
[White "IM Pantsulaia (GEO), Levan"]
[Black "GM Sutovsky (ISR), Emil"]
[Result "1-0"]
[WhiteElo "2510"]
[BlackElo "2674"]
[PlyCount "93"]
[EventDate "2005.??.??"]

1. d4 Nf6 2. c4 g6 3. Nc3 d5 4. Bg5 {D91: Grünfeld-Verteidigung (5.Lg5)} Ne4 5.
Bh4 Nxc3 6. bxc3 dxc4 7. e3 Be6 8. Nf3 Bg7 9. Qb1 $146 (9. Rb1 b6 10. Nd2 O-O
11. Be2 c5 (11... Qd7 12. O-O c5 13. Bxc4 Bxc4 14. Nxc4 cxd4 15. cxd4 Rc8 16.
Qf3 Nc6 17. Rfc1 e6 18. Bg3 Bf8 19. Nd2 f5 20. h4 Nb4 21. Rc4 Nxa2 22. Rb2 Nc1
23. Rbc2 Nd3 24. Rc7 Qe8 25. R2c3 Nb4 26. e4 {
Dreev,A-Huzman,A/Calvia ESP 2004/The Week in Chess 520/1-0 (55)}) 12. Bf3 cxd4
13. cxd4 Nd7 14. Bxa8 Qxa8 15. O-O c3 16. Nf3 Rc8 17. Qa4 Nf6 18. Rfc1 Nd5 19.
Qc2 a5 20. a3 Qa6 21. Bg3 Bh6 22. Re1 b5 23. e4 b4 {
Moiseenko,A-Svidler,P/Sochi RUS 2005/The Week in Chess 546/0-1 (40)}) 9... Qd5
10. Be2 Bf5 11. Qb4 c5 12. Qxc4 Qxc4 13. Bxc4 Nc6 14. O-O Rc8 15. Rac1 Na5 16.
Bb5+ Bd7 17. Be2 Be6 18. Nd2 b6 19. Bb5+ Kf8 20. Ba6 Rd8 21. Rc2 Bf6 22. Bg3
Kg7 23. dxc5 Bxc3 24. Ne4 Bb4 25. Bc7 Bf5 26. f3 bxc5 27. a3 Bxe4 28. fxe4 Bd2
29. Rxd2 Rxd2 30. Bxa5 Rc2 31. Bd3 Ra2 32. Bc4 Rxa3 33. Rxf7+ Kh6 34. Bc7 Ra4
35. Be6 Rxe4 36. Bf4+ g5 37. Bf5 gxf4 38. Bxe4 fxe3 39. Kf1 c4 40. Rxe7 Rc8 41.
Rxh7+ Kg5 42. Rxa7 c3 43. Ra2 Rc4 44. Bd3 Rh4 45. g3 Rh8 46. Rc2 Rf8+ 47. Ke2
1-0